| 000 | 00867nam a2200241 a 4500 | ||
|---|---|---|---|
| 008 | |||
| 020 | _a0748353054 (pbk. ) | ||
| 049 | _aMAIN | ||
| 090 |
_aHF5635 _bACC |
||
| 245 | 1 | 0 |
_aPreparing Finacial Statements International Stream Revision series : _bACCA paper 1.1 / _c[prepared by] the Chartered Association of Certified Accountants. |
| 260 |
_aLondon : _bFoulks Lynch Limited, _c2002. |
||
| 300 |
_ax ,463 p . : _c26 cm. |
||
| 490 | _aRevision series | ||
| 650 | _aFinancial Reporting. | ||
| 650 |
_aPreparing Financial Statements _vExaminations, questions, etc. |
||
| 710 | _aChartered Association of Certified Accountants. | ||
| 740 | _aInternational Stream : paper 1.1 | ||
| 907 |
_a.b10235607 _b29-11-11 _c06-03-07 |
||
| 003 | |||
| 005 | 20230123134413.0 | ||
| 040 | _cNUST | ||
| 942 |
_cBOOKS _kHF5635 _mACC |
||
| 999 |
_c165322 _d165322 |
||